[Event "4th Parsvnath Open"]
[Site "New Delhi IND"]
[Date "2006.01.21"]
[Round "9"]
[White "Abdulla,AlR"]
[Black "Harika,D"]
[Result "1/2-1/2"]
[WhiteElo "2477"]
[BlackElo "2358"]

1.d4 Nf6 2.Bg5 c5 3.d5 Ne4 4.h4 Qb6 5.Nd2 h6 6.Nxe4 hxg5 7.Nxg5 Qxb2 8.Rh3 g6
9.Rb3 Qd4 10.N1f3 Qxd1+ 11.Rxd1 Bg7 12.e4 d6 13.Bb5+ Kf8 14.a4 c4 15.Ra3 Nd7
16.Bxd7 Bxd7 17.Rb1 b6 18.g3 Bf6 19.Ke2 Kg7 20.c3 Rac8 21.Nd4 Bxd4 22.cxd4 Rc7
23.Kd2 c3+ 24.Rxc3 Rxc3 25.Kxc3 Bxa4 26.e5 Rc8+ 27.Kb4 Bd7 28.exd6 exd6 29.Ne4 a5+
30.Kb3 Bg4 31.Nxd6 Rd8 32.Nc4 Rxd5 33.Nxb6 Rxd4 34.Kc3 Re4 35.Nc4 Re2 36.Rb2 Rxb2
37.Kxb2 a4 38.Ka3 Be6 39.Nb2 Kh6 40.Nxa4 g5 41.Nc5 gxh4 42.gxh4 Kh5  1/2-1/2

[Event "Open"]
[Site "Zagreb CRO"]
[Date "2006.01.22"]
[Round "9"]
[White "Sedlak,N"]
[Black "Budimir,Bor"]
[Result "1-0"]
[WhiteElo "2512"]
[BlackElo "2288"]

1.d4 Nf6 2.Bg5 g6 3.Bxf6 exf6 4.c4 d6 5.Nc3 Bg7 6.g3 O-O 7.Bg2 c6 8.e3 Qa5
9.Ne2 Bg4 10.O-O Bxe2 11.Qxe2 f5 12.Rab1 Nd7 13.b4 Qc7 14.Qd3 Rad8 15.a4 Rfe8
16.a5 Nf6 17.b5 c5 18.b6 Qb8 19.a6 bxa6 20.b7 Re7 21.dxc5  1-0

[Event "Classic"]
[Site "Queenstown NZL"]
[Date "2006.01.23"]
[Round "9"]
[White "Fraemohs,P"]
[Black "Dizdarevic,M"]
[Result "0-1"]
[WhiteElo "2043"]
[BlackElo "2122"]

1.d4 Nf6 2.Bg5 g6 3.f3 Bg7 4.Nc3 c6 5.Qd2 h6 6.Bh4 Qa5 7.e4 d6 8.Bc4 b5 9.Bb3 Nbd7
10.a4 b4 11.Nd1 Ba6 12.Ne2 c5 13.Ne3 Rc8 14.Nc4 Bxc4 15.Bxc4 cxd4 16.Bb5 a6
17.Bxf6 Bxf6 18.Bxd7+ Kxd7 19.Nxd4 Rc4 20.Nb3 Qe5 21.O-O Rhc8 22.Rac1 Qxb2
23.Rf2 Qe5 24.Qd3 Rc3 25.Qd1 Bg5 26.g3 Be3 27.Kg2 Rxb3  0-1

[Event "IM"]
[Site "Marianske Lazne CZE"]
[Date "2006.01.24"]
[Round "4"]
[White "Karhanek,P"]
[Black "Hamrakulova,Y"]
[Result "1-0"]
[WhiteElo "2261"]
[BlackElo "2187"]

1.d4 Nf6 2.Bg5 d5 3.e3 e6 4.Bd3 Nbd7 5.Nd2 c5 6.c3 Be7 7.Ngf3 b6 8.O-O h6
9.Bh4 Bb7 10.a3 Ne4 11.Bxe7 Qxe7 12.Bb5 O-O 13.Bxd7 Qxd7 14.Ne5 Qe7 15.Nxe4 dxe4
16.Qa4 Rfd8 17.Rfd1 a6 18.h3 f6 19.Ng6 Qf7 20.Nf4 g5 21.Ne2 b5 22.Qa5 c4
23.a4 Bc6 24.axb5 Bxb5 25.Ng3 f5 26.Rdb1 Rac8 27.Nf1 Rd6 28.Nd2 Qc7 29.Qa3 Rc6
30.Re1 Qd6 31.Qa2 R6c7 32.f3 exf3 33.Nxf3 Qd5 34.Ne5 Kg7 35.Qb1 Rf8 36.Qc2 Qb7
37.Rf1 Bc6 38.Qe2 Bd5 39.Rf2 Qb5 40.Qh5 Rf6 41.Raf1 Kh7 42.g4 Be4 43.h4 Rg7
44.Rh2 Kg8 45.Rhf2 gxh4 46.Qxh4  1-0

[Event "14th FAJR Open"]
[Site "Tehran IRI"]
[Date "2006.01.25"]
[Round "2"]
[White "Elahi,A"]
[Black "Mahdavirad,M"]
[Result "0-1"]
[WhiteElo "2080"]
[BlackElo "2249"]

1.d4 d5 2.Bg5 Nf6 3.Nc3 Bf5 4.f3 Nbd7 5.e3 c6 6.Bd3 Bxd3 7.Qxd3 e5 8.Nge2 Be7
9.Ng3 g6 10.dxe5 Nxe5 11.Qd4 Ned7 12.O-O-O h6 13.Qh4 Qa5 14.Nge2 O-O-O 15.Bxf6 Bxf6
16.Qa4 Qxa4 17.Nxa4 Rhe8 18.Rd3 b5 19.Nac3 Nc5 20.Rdd1 Rxe3 21.Nd4 Bxd4 22.Rxd4 Rde8
23.Kd2 a5 24.a3 f5 25.b4 Nb7 26.bxa5 Nd6 27.Ne4 Nxe4+ 28.Kxe3 Ng3+ 29.Re4 Nxe4
30.fxe4 Rxe4+ 31.Kd3 Kb7 32.Rf1 Ka6 33.Rf3 Kxa5 34.Rg3 Rg4 35.Rxg4 fxg4 36.Kd4 b4
37.axb4+ Kxb4 38.g3 h5 39.Kd3 c5 40.Kd2 c4 41.Kd1 Kc3 42.Kc1 d4  0-1

[Event "Winter Open"]
[Site "Belgrade SCG"]
[Date "2006.01.27"]
[Round "7"]
[White "Irizanin,R"]
[Black "Andrijevic,M"]
[Result "0-1"]
[WhiteElo "2260"]
[BlackElo "2369"]

1.d4 Nf6 2.Bg5 d5 3.Bxf6 exf6 4.e3 Be6 5.Nd2 Be7 6.Bd3 O-O 7.Qf3 c5 8.c3 Nc6
9.Ne2 Qd7 10.h3 Rad8 11.g4 Bd6 12.Ng3 Rfe8 13.O-O Bb8 14.Kh1 cxd4 15.exd4 Qd6
16.Qg2 Qf4 17.Nf3 Ne7 18.Nh4 Ng6 19.Nh5 Qh6 20.Nf5 Bxf5 21.gxf5 Qxh5 22.fxg6 hxg6
23.Rae1 Qh6 24.Bb5 Re4 25.Rxe4 dxe4 26.Re1 f5 27.Bc4 Bf4 28.Bf1 g5 29.Rd1 Qb6
30.f3 exf3 31.Qxf3 Qxb2 32.Bg2 Re8 33.Qxb7 Qxc3 34.Qf3 Qc2 35.Qb3 Qf2 36.Qf3 Qxa2
37.Qc6 Qe2  0-1

[Event "14th FAJR Open"]
[Site "Tehran IRI"]
[Date "2006.01.27"]
[Round "4"]
[White "Elahi,A"]
[Black "Mohammadi,H"]
[Result "0-1"]
[WhiteElo "2080"]
[BlackElo "2259"]

1.d4 Nf6 2.Bg5 c5 3.d5 Qb6 4.Bxf6 gxf6 5.b3 f5 6.c3 Bg7 7.e3 Qf6 8.Qf3 d6
9.Bb5+ Kf8 10.Ne2 e6 11.Nf4 Qe5 12.Bc4 Ke7 13.O-O Bh6 14.Nd3 Qg7 15.e4 fxe4
16.Qxe4 e5 17.Qh4+ Bg5 18.Qg3 Bf6 19.Nd2 Qxg3 20.hxg3 Bg7 21.f4 f6 22.Rae1 Nd7
23.Ne4 h6 24.g4 Nb6 25.fxe5 fxe5 26.g5 Nxc4 27.bxc4 Bd7 28.Ndxc5 dxc5 29.d6+ Ke8
30.Nxc5 Bg4 31.Nxb7 Rc8 32.c5 hxg5 33.d7+ Kxd7 34.Rf7+ Ke6 35.Ref1 Rh7 36.c6 Bh5
37.Rd7  0-1

[Event "ch-Serbia"]
[Site "Vrnjacka Banja SCG"]
[Date "2006.01.30"]
[Round "1"]
[White "Marcetic,N"]
[Black "Jokic,Mio"]
[Result "1-0"]
[WhiteElo "2390"]
[BlackElo "2172"]

1.d4 d5 2.Bg5 Nf6 3.Bxf6 exf6 4.e3 Bd6 5.Bd3 O-O 6.Nd2 Re8 7.g3 Nc6 8.c3 Ne7
9.Qf3 c6 10.Ne2 Be6 11.h3 Qd7 12.O-O-O a5 13.g4 a4 14.a3 b5 15.Rdg1 Reb8
16.Nf4 b4 17.cxb4 Bxb4 18.axb4 a3 19.bxa3 Rxa3 20.Kd1 Rxb4 21.Ke2 Qb7 22.Rb1 Ra2
23.Rhc1 Bd7 24.Qh1 Qb6 25.Rxb4 Qxb4 26.Rc2 Rxc2 27.Bxc2 c5 28.Nxd5 Bb5+ 29.Kd1  1-0

[Event "11th HIT Open A"]
[Site "Nova Gorica SLO"]
[Date "2006.02.01"]
[Round "9"]
[White "Drazic,S"]
[Black "Janev,E"]
[Result "1-0"]
[WhiteElo "2488"]
[BlackElo "2494"]

1.d4 Nf6 2.Bg5 c5 3.dxc5 Qa5+ 4.Qd2 Qxc5 5.Nc3 d6 6.e4 Nc6 7.Nge2 Ng4 8.Nc1 h6
9.Bh4 g5 10.Bg3 Bd7 11.Nd5 Nd4 12.b4 Nxc2+ 13.Kd1 Qd4 14.Qxd4 Nxd4 15.Nc7+ Kd8
16.Nxa8 Ba4+ 17.Nb3 Bg7 18.Rc1 Be5 19.Be2 Nf6 20.f3 Bxg3 21.hxg3 Nc6 22.Kd2 Ne8
23.b5 Ne5 24.Na5  1-0

[Event "ch-Kyiv"]
[Site "Kyiv UKR"]
[Date "2006.02.02"]
[Round "11"]
[White "Melnichuk,M"]
[Black "Golichenko,I"]
[Result "1-0"]
[WhiteElo "2118"]
[BlackElo "2277"]

1.d4 Nf6 2.Bg5 d5 3.Bxf6 exf6 4.Nf3 Bd6 5.e3 O-O 6.Nbd2 c6 7.Bd3 Nd7 8.O-O g6
9.c4 dxc4 10.Nxc4 Bc7 11.b4 Qe7 12.Rb1 Nb6 13.Qc2 Nxc4 14.Bxc4 Bg4 15.Be2 Qd6
16.Qc5 Qe6 17.Qc4 b5 18.Qxe6 Bxe6 19.Rfc1 Rfc8 20.a3 Bd6 21.Nd2 a5 22.Ne4 Be7
23.Nc5 Bxc5 24.Rxc5 axb4 25.axb4 Bf5 26.Rbc1 Ra4 27.d5 Rxb4 28.dxc6 Rc7 29.Rxb5 Rxb5
30.Bxb5 Kf8 31.f3 Ke7 32.Kf2 Bd7 33.e4 Be8 34.Ke3 Kd6 35.Kf4 Bxc6 36.Bxc6 Rxc6
37.Rxc6+ Kxc6 38.e5 fxe5+ 39.Kxe5 Kd7 40.Kf6 Ke8 41.Kg7 h5 42.Kf6 Kf8 43.f4 h4
44.h3 Kg8 45.f5 gxf5 46.Kxf5 Kg7 47.Kg5 Kh7 48.Kxh4 Kh6 49.Kg4 Kg6 50.Kf4 Kf6
51.g4 Kg6 52.h4 Kh6 53.Kf5 Kg7 54.h5 Kh7 55.Kf6 Kg8 56.h6 Kh8 57.Kxf7 Kh7
58.g5 Kh8 59.h7  1-0

[Event "FSIMB February"]
[Site "Budapest HUN"]
[Date "2006.02.09"]
[Round "6"]
[White "Galyas,M"]
[Black "Voiteanu,G"]
[Result "1-0"]
[WhiteElo "2374"]
[BlackElo "2268"]

1.d4 Nf6 2.Bg5 g6 3.Bxf6 exf6 4.e3 f5 5.g3 Bg7 6.Bg2 O-O 7.Ne2 d6 8.O-O Re8
9.c4 c6 10.Nbc3 Nd7 11.b4 Nf6 12.Qd3 Qe7 13.b5 Ne4 14.a4 a5 15.Rab1 h5 16.bxc6 bxc6
17.Rb6 Qc7 18.Rfb1 Ba6 19.Nxe4 fxe4 20.Qc2 f5 21.Nf4 Kh7 22.c5 d5 23.Bf1 Bc8
24.Rxc6 Qxc6 25.Bb5 Qe6 26.Nxe6 Rxe6 27.Qb3 Rb8 28.Qxd5 h4 29.Qd8  1-0

[Event "ch-CZE"]
[Site "Brno CZE"]
[Date "2006.02.16"]
[Round "10"]
[White "Laznicka,V"]
[Black "Jansa,Vl"]
[Result "1-0"]
[WhiteElo "2525"]
[BlackElo "2521"]

1.d4 Nf6 2.Bg5 g6 3.Bxf6 exf6 4.c4 Bg7 5.Nc3 O-O 6.e3 d6 7.g3 c5 8.Bg2 cxd4
9.Qxd4 Nc6 10.Qd2 Be6 11.b3 a5 12.Nge2 a4 13.Nxa4 Bxc4 14.O-O f5 15.Rab1 Bb5
16.Rfd1 Bxa4 17.bxa4 Rxa4 18.Rxb7 Na5 19.Rb5 Qc7 20.Rc1 Qa7 21.Bd5 Qa6 22.Qd3 Rb4
23.Rb1 Nc6 24.Nf4 Ne5 25.Qe2 Rxb1+ 26.Rxb1 Qa3 27.Rb3 Qa4 28.Qc2 Bf6 29.Kg2 Bd8
30.Qb2 Bf6 31.Qa3 Qxa3 32.Rxa3 Rc8 33.Bb3 Bd8 34.Ra6 Be7 35.Nd5 Bf8 36.Ra7 Kg7
37.Nb6 Rb8 38.f4 Nc6 39.Rxf7+  1-0

[Event "2nd ch-SCG Women"]
[Site "Tivat SCG"]
[Date "2006.02.21"]
[Round "1"]
[White "Benderac,A"]
[Black "Djukic,Sa"]
[Result "1/2-1/2"]
[WhiteElo "2302"]
[BlackElo "2152"]

1.d4 Nf6 2.Bg5 c5 3.Bxf6 exf6 4.c3 b6 5.dxc5 Bxc5 6.b4 Be7 7.e3 Bb7 8.Nf3 Nc6
9.Bc4 O-O 10.O-O Qc7 11.Bd5 Rac8 12.a3 Ne5 13.Nxe5 fxe5 14.Ra2 Bxd5 15.Qxd5 Qc4
16.Rd2 d6 17.Rc1 Rc7 18.Rd3 Qxd5 19.Rxd5 Rfc8 20.Kf1 g6 21.Ke2 f5 22.f3 Kf7
23.e4 Ke6 24.Rcd1 Rf8 25.exf5+ gxf5 26.g3 h5 27.a4 a6 28.R5d3 Rg8 29.Na3 Bf8
30.c4 h4 31.Kf2 hxg3+ 32.hxg3 Rh8 33.Rg1 Rh2+ 34.Rg2 Rh1 35.Rg1 Rh2+ 36.Rg2 Rh1
37.Rg1 Rh2+  1/2-1/2

[Event "2nd Bundesliga Ost 2005-6"]
[Site "Austria AUT"]
[Date "2006.02.25"]
[Round "8"]
[White "Tibensky,R"]
[Black "Mahdi,K"]
[Result "1/2-1/2"]
[WhiteElo "2408"]
[BlackElo "2359"]

1.d4 Nf6 2.Bg5 g6 3.Bxf6 exf6 4.e3 Bg7 5.Ne2 f5 6.Nf4 d6 7.Bc4 Nd7 8.Nd2 Nf6
9.Bb3 Qe7 10.Qe2 Bh6 11.g3 Bd7 12.Nd5 Nxd5 13.Bxd5 c6 14.Bf3 Bg7 15.c3 d5
16.Nb3 O-O 17.Nc5 Bc8 18.O-O Re8 19.Rfd1 g5 20.Qd2 Rd8 21.Rac1 Bh6 22.Re1 Qf6
23.Rcd1 Bf8 24.Nd3 Bd6 25.Bg2 h5 26.f4 g4 27.b3 Be6 28.Rc1 Kg7 29.c4 Qe7
30.c5  1/2-1/2

[Event "TCh-CZE Extraliga 2005-6"]
[Site "Czech Rep CZE"]
[Date "2006.02.25"]
[Round "8"]
[White "Pisk,P"]
[Black "Votava,J"]
[Result "1/2-1/2"]
[WhiteElo "2345"]
[BlackElo "2545"]

1.d4 Nf6 2.Bg5 d5 3.Bxf6 exf6 4.e3 c6 5.g3 Nd7 6.Bg2 f5 7.Ne2 Nf6 8.O-O h5
9.c4 h4 10.cxd5 Nxd5 11.Nbc3 hxg3 12.hxg3 Be6 13.Nxd5 Bxd5 14.Nc3 Bxg2 15.Kxg2 Qd7
16.Qf3 O-O-O 17.a3 Bd6 18.Rh1 g6 19.Rac1 Kb8 20.Rxh8 Rxh8 21.Rh1 Rxh1 22.Kxh1 a5
23.Kg2 Bc7 24.Kf1 b5 25.a4 b4 26.Ne2 Qe6 27.Kg2 Kb7 28.Nc1 Qc4 29.Qd1 Qd5+
30.Qf3 Qc4 31.Qd1 Qd5+ 32.Qf3 Qc4  1/2-1/2

[Event "TCh-HUN 2005-6"]
[Site "Hungary HUN"]
[Date "2006.02.26"]
[Round "8"]
[White "Honos,A"]
[Black "Berczes,C"]
[Result "1-0"]
[WhiteElo "2323"]
[BlackElo "2389"]

1.d4 Nf6 2.Bg5 g6 3.Bxf6 exf6 4.e3 d5 5.c4 dxc4 6.Bxc4 Bg7 7.Nc3 c6 8.Qf3 Nd7
9.Nge2 f5 10.h4 Nf6 11.Nf4 Qe7 12.h5 Ne4 13.hxg6 fxg6 14.Rd1 Bd7 15.Bb3 O-O-O
16.O-O Rhf8 17.Nxe4 fxe4 18.Qg3 g5 19.Ne2 Bf5 20.Rc1 Rd6 21.Rc5 b6 22.Rxf5 Rxf5
23.Qh3 Qd7 24.Ng3 Ra5 25.Qxh7 Rh6 26.Qg8+ Kc7 27.Nxe4 Rh8 28.Qf7 Qxf7 29.Bxf7 Rf8
30.Bc4 Kd7 31.g4 Bf6 32.Kg2 Be7 33.Rh1 Ra4 34.Bb3 Rb4 35.Rh6 c5 36.Be6+ Kd8
37.b3 cxd4 38.a3 Rb5 39.exd4 Bxa3 40.Bc4 Ra5 41.Rg6 Bc1 42.Be6 Rf4 43.b4 Rxe4
44.bxa5 bxa5 45.Rg8+ Ke7 46.d5 Bb2 47.Rxg5 a4 48.Bf5 Rb4 49.Rg6 Be5  1-0

[Event "2nd ch-SCG Women"]
[Site "Tivat SCG"]
[Date "2006.02.26"]
[Round "6"]
[White "Djukic,Sa"]
[Black "Rakic,Ma"]
[Result "1/2-1/2"]
[WhiteElo "2152"]
[BlackElo "2130"]

1.d4 Nf6 2.Bg5 g6 3.c4 Bg7 4.Nc3 h6 5.Bf4 d5 6.e3 O-O 7.cxd5 g5 8.Bg3 Nxd5
9.h4 Nxc3 10.bxc3 g4 11.Bd3 c5 12.Ne2 cxd4 13.exd4 Nc6 14.d5 Ne5 15.Bc2 Qa5
16.O-O Rd8 17.Bxe5 Bxe5 18.Qd3 Rxd5 19.Qh7+ Kf8 20.Bb3 Bf5 21.Qxh6+ Bg7 22.Qf4 Re5
23.Ng3 e6 24.Nxf5 Rxf5 25.Qxg4 Qxc3 26.Rad1 Qc7 27.g3 a5 28.Rc1 Qb6 29.Rb1 Qc5
30.Rbc1 Qb6 31.Rb1 Qc5  1/2-1/2

[Event "IX Malaga Open"]
[Site "Campillos ESP"]
[Date "2006.02.27"]
[Round "4"]
[White "Bellon Lopez,JuM"]
[Black "Aguettaz,M"]
[Result "1/2-1/2"]
[WhiteElo "2415"]
[BlackElo "2338"]

1.d4 Nf6 2.Bg5 d5 3.Bxf6 exf6 4.e3 Be6 5.Nd2 Nd7 6.Bd3 f5 7.c3 Bd6 8.Ngf3 Nf6
9.Ng5 c6 10.Qc2 h6 11.Nh3 g6 12.f3 Qc7 13.O-O-O O-O-O 14.Kb1 Kb8 15.g3 h5
16.Ng5 h4 17.gxh4 Rxh4 18.h3 Bc8 19.c4 Re8 20.Nf1 Bf8 21.Qh2 f4 22.exf4 dxc4
23.Bxc4 Bf5+ 24.Ka1 Rxf4 25.Bxf7 Rxd4 26.Qxc7+ Kxc7 27.Ng3 Rxd1+ 28.Rxd1 Rd8
29.Rxd8 Kxd8 30.Nxf5 gxf5 31.Bg6 f4 32.Ne6+ Ke7 33.Nxf4 Bh6 34.Ne2 Ke6 35.Kb1 Nd5
36.Bh5 Ke5 37.Bg4 Bg5 38.Kc2 c5 39.a4 a6 40.Bc8 b5 41.Bxa6 Nb4+ 42.Kb3 bxa4+
43.Kxa4 Nxa6 44.Kb5 Nc7+ 45.Kxc5 Ne6+ 46.Kc4 Nf4 47.Nd4 Nxh3 48.b4 Be3 49.Nc2 Bf2
50.b5 Ng5 51.Nb4 Nxf3 52.Nd3+ Kd6 53.Nxf2 Ne5+ 54.Kb4 Nc6+ 55.Ka4 Nd4 56.b6 Kc6
57.Ka5 Kb7 58.Ne4 Nb3+ 59.Kb4 Kxb6 60.Kxb3 Kc6  1/2-1/2

[Event "2nd ch-SCG"]
[Site "Pancevo SCG"]
[Date "2006.02.28"]
[Round "2"]
[White "Miladinovic,I"]
[Black "Krivokapic,M"]
[Result "1/2-1/2"]
[WhiteElo "2607"]
[BlackElo "2352"]

1.d4 d5 2.Bg5 Nf6 3.Bxf6 exf6 4.e3 Be6 5.Bd3 f5 6.h3 Nd7 7.g4 Qf6 8.Qe2 h5
9.gxf5 Bxf5 10.Nd2 Bd6 11.O-O-O O-O-O 12.Bxf5 Qxf5 13.Qf3 Qe6 14.h4 Nf6 15.Nh3 Qg4
16.Rdg1 Qxf3 17.Nxf3 g6 18.Nfg5 Rd7 19.f3 Re8 20.Kd2 Rde7 21.Rf1 Bg3 22.Ng1 Rxe3
23.Nxf7 Re1 24.Nh3 R8e2+ 25.Kd3 Rxf1 26.Rxf1 Rh2 27.Nhg5 Bxh4 28.Ne6 b6 29.Rg1 Rh3
30.Ne5 Ng4 31.Nxg4 hxg4 32.Rxg4  1/2-1/2

[Event "1st ONGC Cup"]
[Site "Hyderabad IND"]
[Date "2006.03.02"]
[Round "7"]
[White "Lahiri,A"]
[Black "Kamble,V"]
[Result "1-0"]
[WhiteElo "2317"]
[BlackElo "2403"]

1.d4 Nf6 2.Bg5 c5 3.d5 Qb6 4.Nc3 Qxb2 5.Bd2 Qb6 6.e4 d6 7.f4 e6 8.Rb1 Qd8
9.dxe6 fxe6 10.e5 dxe5 11.fxe5 Nd5 12.Bd3 Nxc3 13.Bxc3 Qg5 14.Qf3 Nc6 15.Nh3 Qh4+
16.Nf2 Be7 17.g3 Qa4 18.Bb5 Qa3 19.Bxc6+ bxc6 20.Qxc6+ Kf7 21.O-O Ba6 22.Nd3+ Bf6
23.exf6 Qxc3 24.Qd7+  1-0

[Event "LXIII ch-POL"]
[Site "Krakow POL"]
[Date "2006.03.03"]
[Round "7"]
[White "Bartel,Mat"]
[Black "Wojtaszek,R"]
[Result "1/2-1/2"]
[WhiteElo "2524"]
[BlackElo "2605"]

1.d4 Nf6 2.Bg5 c5 3.Bxf6 gxf6 4.d5 Qb6 5.Qc1 f5 6.c4 Bg7 7.Nc3 d6 8.e3 Nd7
9.Nf3 Nf6 10.Qc2 Ne4 11.Rc1 Nxc3 12.bxc3 e6 13.Bd3 Bd7 14.dxe6 fxe6 15.e4 O-O-O
16.exf5 exf5 17.O-O Rdf8 18.Nh4 f4 19.Be4 Qd8 20.Nf3 Kb8 21.Rb1 Bc8 22.Rfd1 Rf7
23.Bd5 Rc7 24.a4 Qf6 25.Rb3 Be6 26.Qe4 Bxd5 27.Qxd5 Re8 28.Rdb1 Ree7 29.h3 Kc8
30.Ng5 Qe5 31.Rd1 h6 32.Qxe5 Rxe5 33.Nf3 Re4 34.Nd2 Re2 35.f3 Rce7 36.Kf1 R7e3
37.Ne4 Be5 38.a5 Ra2 39.Rdb1 Rxa5 40.Rxb7 Ra1 41.Rb8+ Kc7 42.Rxa1 Kxb8 43.Ra3 Kb7
44.Rb3+ Kc6 45.Ra3 Kb7 46.Rb3+ Ka8 47.Ra3 h5 48.h4 Bd4 49.Rb3 Bg7 50.Kf2 Bd4
51.Kf1 Be5 52.Ra3 Bg7 53.Rb3 Be5 54.Ra3  1/2-1/2

[Event "FSIMA March"]
[Site "Budapest HUN"]
[Date "2006.03.04"]
[Round "1"]
[White "Brustkern,J"]
[Black "Szeberenyi,A"]
[Result "1/2-1/2"]
[WhiteElo "2240"]
[BlackElo "2395"]

1.d4 Nf6 2.Bg5 d5 3.e3 Ne4 4.Bh4 c5 5.Nd2 Nxd2 6.Qxd2 cxd4 7.exd4 Bf5 8.Nf3 Nc6
9.Bb5 Qb6 10.Qe2 e6 11.O-O Bd6 12.c3 O-O 13.Bg3 Bxg3 14.hxg3 Bg4  1/2-1/2

[Event "2nd ch-SCG"]
[Site "Pancevo SCG"]
[Date "2006.03.04"]
[Round "6"]
[White "Miladinovic,I"]
[Black "Djukic,Ni"]
[Result "1-0"]
[WhiteElo "2607"]
[BlackElo "2523"]

1.d4 Nf6 2.Bg5 d5 3.e3 c6 4.Nd2 Bg4 5.f3 Bh5 6.Ne2 Nbd7 7.c4 Qa5 8.h4 dxc4
9.Nc3 b5 10.g4 Bg6 11.Bxf6 exf6 12.h5 Bd3 13.Bxd3 cxd3 14.Nb3 Qc7 15.Kf2 Be7
16.Rc1 Qd8 17.Qxd3 O-O 18.Rhd1 Nb6 19.Na5 Rc8 20.Ne4 Qd5 21.Nc3 Qd6 22.Kg2 Qb4
23.Nb3 Nc4 24.Rc2 Rfd8 25.Rdc1 a5 26.Nd1 a4 27.Nd2 Nxd2 28.Qxd2 Qxd2+ 29.Rxd2 c5
30.Rdc2 c4 31.a3 g6 32.Nc3 Rb8 33.f4 f5 34.hxg6 fxg6 35.gxf5 gxf5 36.Kf3 h5
37.Rg1+ Kf7 38.Rcg2 Bf6 39.Rg6 h4 40.Rh6 Rh8 41.Rxh8 Bxh8 42.Rg5 Ke6 43.d5+ Ke7
44.Rxf5 b4 45.Nxa4 c3 46.Nxc3 Bxc3 47.axb4 Be1 48.Rh5 Rxb4 49.e4 Bg3 50.Rh6 Rxb2
51.d6+ Kd7 52.e5 Rf2+ 53.Ke4 Kc6 54.Rh7 Rxf4+ 55.Kd3 Kd5 56.d7 Rf8 57.Re7 Rd8
58.e6 h3 59.Rh7 Kxe6 60.Rxh3 Rxd7+ 61.Ke4 Be5 62.Rh6+ Bf6 63.Rh5 Rd4+ 64.Ke3 Ra4
65.Rb5 Be5 66.Kd3 Kf5 67.Rb7 Rd4+ 68.Ke3 Rc4 69.Rf7+ Bf6 70.Rd7 Rc3+ 71.Rd3 Bg5+
72.Ke2 Rc2+ 73.Kf3 Bf6 74.Rd5+ Be5 75.Rd3 Rh2 76.Ke3 Rh4 77.Kf3 Bd4 78.Kg3 Rg4+
79.Kf3 Rf4+ 80.Kg3 Bf2+ 81.Kg2 Kg4 82.Rd8 Bh4 83.Rg8+ Bg5 84.Re8 Rd4 85.Kf2 Rd3
86.Re4+ Bf4 87.Re2 Rh3 88.Kg2 Be3 89.Rc2 Rg3+ 90.Kf1 Kf3 91.Rf2+ Ke4 92.Rg2 Rh3
93.Ke2 Bf4 94.Kf2 Ra3 95.Ke2 Ra2+ 96.Kf1  1-0

[Event "ch-EST w"]
[Site "Tallinn EST"]
[Date "2006.03.08"]
[Round "6"]
[White "Vahtra,T"]
[Black "Piarnpuu,L"]
[Result "1/2-1/2"]
[WhiteElo "1932"]
[BlackElo "2174"]

1.d4 Nf6 2.Bg5 d5 3.Bxf6 exf6 4.e3 Bd6 5.Nf3 Be6 6.Bd3 c6 7.Nbd2 O-O 8.O-O Nd7
9.c4 dxc4 10.Nxc4 Bc7 11.Qc2 g6 12.e4 Bxc4 13.Bxc4 Nb6  1/2-1/2

[Event "70th ch-BUL"]
[Site "Svilengrad BUL"]
[Date "2006.03.10"]
[Round "13"]
[White "Rusev,K"]
[Black "Iotov,V"]
[Result "0-1"]
[WhiteElo "2409"]
[BlackElo "2420"]

1.d4 Nf6 2.Bg5 c5 3.Bxf6 gxf6 4.d5 Qb6 5.Qc1 f5 6.c4 Bg7 7.Nc3 d6 8.e3 Nd7
9.Qc2 Nf6 10.Bd3 e6 11.Nge2 Bd7 12.O-O O-O-O 13.Rab1 Kb8 14.h3 Rc8 15.Rfd1 h5
16.Rd2 Rhg8 17.Rbd1 Bh6 18.dxe6 fxe6 19.Nf4 Bc6 20.Bf1 Bxf4 21.exf4 Bf3 22.Re1 Qc6
23.g3 Ne4 24.Nxe4 fxe4 25.Be2 e3 26.Bxf3 Qxf3 27.Rxe3 Rxg3+ 28.Kf1 Qg2+ 29.Ke2 Rxe3+
30.Kxe3 Qxh3+ 31.f3 Qg3 32.Rxd6 e5 33.Qg6 exf4+ 34.Ke4 h4 35.Qh5 Qe1+ 36.Kd5 Re8
37.b4 Qd2+ 38.Kxc5 Rc8+  0-1

[Event "TCh-HUN 2005-6"]
[Site "Hungary HUN"]
[Date "2006.03.19"]
[Round "9"]
[White "Hoang Thanh Trang"]
[Black "Banusz,T"]
[Result "0-1"]
[WhiteElo "2480"]
[BlackElo "2451"]

1.d4 Nf6 2.Bg5 d5 3.e3 c5 4.Bxf6 gxf6 5.dxc5 e6 6.Qh5 Qa5+ 7.Nc3 Bxc5 8.O-O-O Bb4
9.Nge2 Nc6 10.Qh6 Ke7 11.g4 Rg8 12.Bg2 Ne5 13.Bxd5 Nxg4 14.Qh4 Bxc3 15.Nxc3 exd5
16.h3 Ne5 17.Nxd5+ Kf8 18.Qh6+ Rg7 19.Qxf6 Be6 20.Qxe5 Qxa2 21.Qd6+ Kg8 22.Ne7+ Kh8
23.Qd8+ Rg8 24.Qd4+ Rg7 25.Rhg1 f6 26.Qd8+ Rxd8 27.Rxd8+ Bg8 28.Rxg7 Kxg7
29.Rxg8+ Kf7 30.Rb8 Qa1+ 31.Kd2 Qa5+ 32.c3 Kxe7 33.Rxb7+ Ke6 34.Rxh7 Qf5
35.Rxa7 Qxf2+ 36.Kd3 Qxb2 37.Ra6+ Kf7 38.Ra5 Qb1+ 39.Kd2 Qe4 40.h4 Qxh4 41.Rd5 Qf2+
42.Kd3 Qe1 43.c4 Ke6 44.Rd4 f5 45.c5 Qd1+ 46.Kc3 Qe2 47.Rd3 Ke5 48.c6 Qf3
49.c7 Qc6+ 50.Kd2 Qxc7 51.Rd4 Qc5 52.Ke2 Qc2+ 53.Kf3 Qh2 54.Rf4 Qg1 55.Ke2 Qg2+
56.Ke1 Qh2 57.Rf2 Qg3 58.Ke2 Qg4+ 59.Ke1 Ke4 60.Kd2 Qg3 61.Re2 Kf3 62.Re1 Qxe1+  0-1

[Event "TCh-HUN 2005-6"]
[Site "Hungary HUN"]
[Date "2006.03.19"]
[Round "9"]
[White "Galyas,M"]
[Black "Horvath,Cs1"]
[Result "1-0"]
[WhiteElo "2374"]
[BlackElo "2545"]

1.d4 Nf6 2.Bg5 d5 3.Bxf6 gxf6 4.c4 c5 5.cxd5 Qxd5 6.Nf3 cxd4 7.Nc3 Qa5 8.Nxd4 e6
9.e3 Bb4 10.Rc1 Qxa2 11.Bb5+ Nd7 12.O-O Bxc3 13.Rxc3 a6 14.Qc2 O-O 15.Bd3 Kh8
16.Nb3 Qa4 17.Rc4 Qb5 18.Rh4 Qe5 19.Rxh7+ Kg8 20.Rh3 Rd8 21.f4 Qd6 22.Qe2 Kf8
23.Rh7 Ke7 24.Rxf7+ Kxf7 25.Qh5+  1-0

[Event "ch-LTU"]
[Site "Vilnius LTU"]
[Date "2006.03.21"]
[Round "5"]
[White "Dambrauskas,V"]
[Black "Butnorius,A"]
[Result "1/2-1/2"]
[WhiteElo "2361"]
[BlackElo "2392"]

1.d4 Nf6 2.Bg5 d5 3.e3 Nbd7 4.Nf3 c5 5.c4 Ne4 6.cxd5 Qa5+ 7.Nc3 Nxc3 8.Qd2 cxd4
9.exd4 h6 10.Be3 Nf6 11.Qxc3 Qxc3+ 12.bxc3 Nxd5 13.Bb5+ Bd7 14.Bxd7+ Kxd7
15.c4 Nxe3 16.fxe3 f6 17.Ke2 e6 18.Rab1 b6 19.a4 Bd6 20.Rb5 Bc7 21.Rc1 g5
22.h3 h5 23.Nd2 g4 24.Rf1 Raf8 25.Kd3 f5 26.e4 fxe4+ 27.Kxe4 Rxf1 28.Nxf1 Rf8
29.Ne3 gxh3 30.Rxh5 Rf4+ 31.Kd3 hxg2 32.Nxg2 Rf3+ 33.Ne3 Bf4  1/2-1/2

[Event "Sozina Open"]
[Site "Bar SCG"]
[Date "2006.03.22"]
[Round "5"]
[White "Kosic,D"]
[Black "Lekic,D"]
[Result "1-0"]
[WhiteElo "2489"]
[BlackElo "2343"]

1.d4 Nf6 2.Bg5 d5 3.e3 Nbd7 4.Nf3 c5 5.Nbd2 Qb6 6.Rb1 g6 7.c3 Bg7 8.Be2 O-O
9.h3 Re8 10.Bf4 Nf8 11.Qb3 c4 12.Qa3 Bf5 13.Rc1 Ne6 14.Bh2 Nc7 15.b3 Nb5
16.Qb2 Nd6 17.Qa1 cxb3 18.axb3 Nfe4 19.O-O Nxd2 20.Nxd2 Ne4 21.Nxe4 Bxe4
22.c4 Qe6 23.c5 g5 24.b4 f5 25.Rfe1 f4 26.exf4 gxf4 27.f3 Qf5 28.fxe4 dxe4
29.Qb1 Bxd4+ 30.Kh1 Be3 31.Rc4  1-0

[Event "Sozina Open"]
[Site "Bar SCG"]
[Date "2006.03.24"]
[Round "7"]
[White "Mehmeti,D"]
[Black "Bojovic,D"]
[Result "1-0"]
[WhiteElo "2378"]
[BlackElo "2116"]

1.d4 Nf6 2.Bg5 c5 3.d5 Qb6 4.Nc3 d6 5.e4 Nbd7 6.Qd2 g6 7.O-O-O Bg7 8.f3 Qa5
9.Kb1 a6 10.Nge2 b5 11.Nc1 b4 12.N3e2 Nb6 13.Nb3 Qa4 14.Bh6 Nxe4 15.fxe4 Nc4
16.Bxg7 Nxd2+ 17.Nxd2 Rg8 18.b3 Qd7 19.Bb2 f6 20.h3 a5 21.Nc4 Qa7 22.g4 a4
23.g5 fxg5 24.e5 axb3 25.axb3 Kd7 26.Nc1 Kc7 27.Re1 Rf8 28.Be2 Bf5 29.Bg4 Rae8
30.Re2 Qa8 31.Rhe1 h5 32.Bxf5 gxf5 33.exd6+ exd6 34.Re7+ Kd8 35.Bf6 Rxe7
36.Bxe7+  1-0

[Event "Sozina Open"]
[Site "Bar SCG"]
[Date "2006.03.24"]
[Round "7"]
[White "Miladinovic,I"]
[Black "Vuckovic,Bo"]
[Result "1/2-1/2"]
[WhiteElo "2607"]
[BlackElo "2506"]

1.d4 Nf6 2.Bg5 c5 3.dxc5 e6 4.Nd2 Bxc5 5.e3 Be7 6.Ngf3 b6 7.Bd3 Bb7 8.e4 d6
9.Qe2 Nbd7 10.O-O-O Qc7 11.Nc4 b5 12.Ne3 a6 13.Kb1 h6 14.Bxf6 Nxf6 15.Nd2 d5
16.exd5 Nxd5 17.Nxd5 Bxd5 18.Be4 Bxe4 19.Qxe4 O-O 20.Nf3 Rad8 21.c3 Rxd1+
22.Rxd1 Rd8 23.Rxd8+ Qxd8 24.Kc2 Qb6 25.Qd4 Bc5 26.Qd7 Bf8 27.Qd2 Bc5 28.Ne5 Bd6
29.Nd3 Qc6 30.f4 Qe4 31.b3 e5 32.fxe5 Bxe5 33.h3 f5 34.Qf2 Bf6 35.Qf3 Qxf3
36.gxf3 g5 37.c4 bxc4 38.bxc4 Kf7 39.a4 a5 40.Kd2 h5  1/2-1/2

[Event "ch-ARG s/f"]
[Site "Buenos Aires ARG"]
[Date "2006.03.24"]
[Round "4"]
[White "Demaria,J"]
[Black "Pierrot,F"]
[Result "1-0"]
[WhiteElo "2273"]
[BlackElo "2452"]

1.d4 Nf6 2.Bg5 d5 3.Bxf6 exf6 4.e3 c6 5.g3 Qb6 6.b3 a5 7.c3 Be7 8.Bg2 Bf5
9.Ne2 a4 10.b4 O-O 11.O-O Re8 12.Nd2 Nd7 13.a3 Qa6 14.Re1 Bd6 15.Rc1 Bd3
16.Bf3 f5 17.Nf4 Bxf4 18.gxf4 Re6 19.h3 Rae8 20.Kh2 b5 21.Rg1 Qc8 22.Rg3 Nf6
23.Qg1 g6 24.Qd1 Kf8 25.Ra1 Qa6 26.Rg1 Bc4 27.Qc2 Qc8 28.Rae1 Qc7 29.Qb1 Qd8
30.Bd1 Qd6 31.Qb2 Qc7 32.Rg2 Bd3 33.Rgg1 Nd7 34.Nf3 f6 35.Rg3 Ke7 36.Qd2 Be4
37.Ng1 Nb6 38.Be2 Nc4 39.Bxc4 dxc4 40.Ne2 Kf7 41.Kg1 Bd5 42.Kf1 Be4 43.Nc1 g5
44.Qe2 h6 45.Qh5+ Kg7 46.Kg1 Qf7 47.Qxf7+ Kxf7 48.h4 gxh4 49.Rg2 Bxg2 50.Kxg2 Rg8+
51.Kf3 Ree8 52.Ne2 Rd8 53.Rh1 Rg4 54.Rh2 Kg6 55.Rh1 Kh5 56.Ng3+ Kg6 57.Nxf5 h5
58.Nxh4+ Kf7 59.Nf5 Rh8 60.Ng3 Rgg8 61.Rh4 f5 62.Nxf5 Rg1 63.Nd6+ Ke6 64.Nb7 Ra1
65.e4 Rxa3 66.f5+ Ke7 67.Kf4 Rxc3 68.e5 a3 69.f6+ Kf7 70.Nd6+ Kg6 71.Rh1 h4
72.Rg1+ Rg3 73.fxg3 h3 74.Ne4 h2 75.Rh1  1-0